Plane trigonometry

Αποθηκεύτηκε σε:
Λεπτομέρειες βιβλιογραφικής εγγραφής
Κύριος συγγραφέας: Loney, S. L. (Sidney Luxton), 1860-1939
Μορφή: Βιβλίο
Γλώσσα:English
Δημοσίευση: Cambridge : University Press, 1949, c1893
Έκδοση:5th ed., Repr.
Θέματα:
Ετικέτες: Προσθήκη ετικέτας
Δεν υπάρχουν, Καταχωρήστε ετικέτα πρώτοι!

MARC

LEADER 00000cam a2200000 i 4500
001 1/7796
008 100526r19491893 eng d
035 |l 10107996 
040 |a GR-MY-UA  |b gre  |e aacr 
041 0 |a eng 
082 0 |a 516.242  |2 (22) 
100 1 |a Loney, S. L.   |q (Sidney Luxton),   |d 1860-1939. 
245 1 0 |a Plane trigonometry /  |c by S. L. Loney 
250 |a 5th ed., Repr. 
260 |a Cambridge :   |b University Press,   |c 1949, c1893 
300 |a xiii, 327 σ., xliv.;  |b πίν.;  |c 19 εκ. 
505 0 |a τ. 1. An elementary courses,excluding the use of imaginary quantities 
650 0 0 |a Plane trigonometry. 
740 0 2 |a An elementary course, excluding the use of imaginary quantities 
852 |a INST  |b SAMOS  |c MAG  |e 20100526  |h 516.242 LON  |p 005300031829  |q 005300031829  |t BK  |y 0 
901 |a BIBL3-2010-2 
909 |a Σ  |b 162372 
970 |a ΣΙΤΖΙΜΗ  |b ΓΙΑΣΕΜΗ  |z 2010/05/26